| 000 | 00995cam a2200229 4500 | ||
|---|---|---|---|
| 008 | 020111n2001 000 0 eng u | ||
| 020 | _a0727729799 | ||
| 035 | _a(Sirsi) u116269 | ||
| 041 | _aeng. | ||
| 050 | _a658.404 | ||
| 100 | _aHutchin, T. | ||
| 245 | _aEnterprise-focused management : changing the face of project management | ||
| 260 |
_aLondon _bThomas Telford _c2001 |
||
| 300 |
_axi,175p. _bill. _c25cm. |
||
| 350 | _a45.00 | ||
| 520 | _aConsiders how the Theory of Constraints (TOC) approach to project management can be best applied to projects in the construction industry. Through a collection of case studies the book addresses the real issues facing many project-based organisations. It is aimed at anyone involved in the practice or study of project management, or those seeking to operate an enterprise focus. | ||
| 650 | _aTHEORY OF CONSTRAINTS | ||
| 650 | _aCONSTRUCTION INDUSTRY | ||
| 650 | _aMANAGEMENT | ||
| 690 |
_aProject management _96261 |
||
| 942 | _n0 | ||
| 999 |
_c101847 _d101847 |
||